[Event "American Continental 19th"]
[Site "Foz do Iguacu"]
[Date "2025.05.24"]
[Round "3"]
[White "Requejo Cotrina, Oswaldo Valentin"]
[Black "Arias Diaz, Javier Alonso"]
[Result "0-1"]
[WhiteElo "2184"]
[BlackElo "1962"]
[PlyCount "42"]
[EventDate "2025.05.23"]
[EventType "swiss"]
[EventRounds "11"]
[EventCountry "BRA"]
[SourceTitle "CB23_2025"]
[SourceDate "2025.06.04"]
[SourceVersion "1"]
[SourceVersionDate "2025.06.04"]
[SourceQuality "1"]

1. d4 e6 2. Nf3 d5 3. c4 a6 4. Nc3 dxc4 5. e3 b5 6. a4 b4 7. Nb1 Nf6 8. Bxc4 Bb7 9. 0-0 Nbd7 10. Nbd2 c5 11. b3 Bd6 12. Bb2 0-0 13. Qe2 cxd4 14. Nxd4 Nc5 15. Rfd1 Qe7 16. f3 Rfd8 17. Nf1 Rac8 18. Ng3 Qc7 19. Qf2 Bd5 20. Ndf5 Bxc4 21. Bxf6 Bxg3 0-1

[Event "Cusco zt 2.4"]
[Site "Cusco"]
[Date "2025.01.31"]
[Round "6"]
[White "Ramirez Sifuentes, Luis Angel"]
[Black "Requejo Cotrina, Oswaldo Valentin"]
[Result "1/2-1/2"]
[WhiteElo "2170"]
[BlackElo "2232"]
[PlyCount "172"]
[EventDate "2025.01.28"]
[EventType "swiss"]
[EventRounds "9"]
[EventCountry "PER"]
[SourceTitle "CB06_2025"]
[SourceDate "2025.02.05"]
[SourceVersion "1"]
[SourceVersionDate "2025.02.05"]
[SourceQuality "1"]

1. Nf3 c5 2. e4 d6 3. Bb5+ Nd7 4. Ba4 Ngf6 5. 0-0 Nxe4 6. Re1 Nef6 7. d4 cxd4 8. Nxd4 a6 9. Nf5 e6 10. Nxd6+ Bxd6 11. Qxd6 Qe7 12. Qxe7+ Kxe7 13. c4 b5 14. cxb5 Nb6 15. Bc2 axb5 16. Be3 Nbd5 17. Bc5+ Kd7 18. Nd2 Bb7 19. Bd3 Nc7 20. Be2 Rhb8 21. Red1 Bd5 22. a3 Ra6 23. Bd4 Rb7 24. Bxf6 gxf6 25. Ne4 Rc6 26. Nxf6+ Kd6 27. Rac1 Rxc1 28. Rxc1 b4 29. Nxh7 bxa3 30. bxa3 Rb2 31. Bf1 Ra2 32. Nf6 Rxa3 33. h4 Ke7 34. Nxd5+ Nxd5 35. g3 Kf6 36. Bg2 Ne7 37. Be4 Ra4 38. Re1 Nf5 39. Kg2 Ra5 40. Rd1 Ra4 41. Bxf5 Kxf5 42. Rd7 Kg6 43. Re7 Rb4 44. Re8 Kg7 45. f3 Rb2+ 46. Kh3 Rb3 47. f4 Rb5 48. Re7 Kg6 49. Ra7 Rb1 50. Ra8 Kg7 51. Ra5 f5 52. Ra7+ Kg6 53. Re7 Re1 54. Kg2 Kf6 55. Re8 Kf7 56. Rh8 e5 57. Kf2 Re4 58. fxe5 Rxe5 59. Rh6 Re4 60. Rd6 Ra4 61. Kf3 Kg7 62. h5 Rb4 63. h6+ Kh7 64. Rf6 Ra4 65. Rxf5 Kxh6 66. Rf4 Ra6 67. Kg4 Kg6 68. Rb4 Rc6 69. Ra4 Rb6 70. Kh4 Rc6 71. Rg4+ Kh6 72. Rg8 Kh7 73. Ra8 Kg6 74. Ra7 Rb6 75. Ra4 Rc6 76. Rg4+ Kh6 77. Rg8 Kh7 78. Rg5 Kh6 79. Rh5+ Kg6 80. Rd5 Ra6 81. g4 Rb6 82. Rd4 Ra6 83. Rf4 Rb6 84. g5 Ra6 85. Rf6+ Rxf6 86. gxf6 Kxf6 1/2-1/2

[Event "Cusco zt 2.4"]
[Site "Cusco"]
[Date "2025.01.30"]
[Round "5"]
[White "Requejo Cotrina, Oswaldo Valentin"]
[Black "Nunez Castaneda, Joaquin Alonso"]
[Result "1-0"]
[WhiteElo "2232"]
[BlackElo "1495"]
[PlyCount "108"]
[EventDate "2025.01.28"]
[EventType "swiss"]
[EventRounds "9"]
[EventCountry "PER"]
[SourceTitle "CB06_2025"]
[SourceDate "2025.02.05"]
[SourceVersion "1"]
[SourceVersionDate "2025.02.05"]
[SourceQuality "1"]

1. e4 e5 2. f4 Bc5 3. Nf3 d6 4. c3 Nc6 5. d4 exd4 6. cxd4 Bb6 7. Bb5 Bd7 8. 0-0 Nge7 9. Kh1 0-0 10. d5 Ne5 11. Bxd7 Nxd7 12. Nc3 f6 13. Nd4 Bxd4 14. Qxd4 Nb6 15. b3 c5 16. dxc6 bxc6 17. Rd1 d5 18. Ba3 Re8 19. Rac1 Ng6 20. f5 Ne5 21. exd5 cxd5 22. Nxd5 Qxd5 23. Qxd5+ Nxd5 24. Rxd5 Ng4 25. h3 Nh6 26. Rcd1 Nf7 27. Bc5 Re5 28. b4 a6 29. a4 Rae8 30. b5 axb5 31. axb5 Rc8 32. Ba7 Rc1 33. Rxc1 Rxd5 34. b6 Nd6 35. Rc6 Nb7 36. Rc7 Na5 37. b7 Nxb7 38. Rxb7 Rxf5 39. Rc7 h6 40. Bc5 Kh7 41. Kh2 Rg5 42. Kg1 Rg6 43. Kf2 h5 44. Be3 f5 45. Bd4 h4 46. Be5 Kg8 47. Rc4 Rh6 48. Bf4 Rh5 49. Rc6 Kf7 50. Kf3 Kg8 51. Rg6 Kf7 52. Rg5 Rxg5 53. Bxg5 Ke6 54. Kf4 Kd5 1-0

[Event "Manizales op 30th"]
[Site "Manizales"]
[Date "2025.01.11"]
[Round "7"]
[White "Requejo Cotrina, Oswaldo Valentin"]
[Black "Lopez Idarraga, Daniel Eduardo"]
[Result "1/2-1/2"]
[WhiteElo "2232"]
[BlackElo "1991"]
[PlyCount "123"]
[EventDate "2025.01.08"]
[EventType "tourn"]
[EventRounds "7"]
[EventCountry "COL"]
[SourceTitle "CB03_2025"]
[SourceDate "2025.01.15"]
[SourceVersion "1"]
[SourceVersionDate "2025.01.15"]
[SourceQuality "1"]

1. e4 c5 2. Nf3 Nc6 3. d4 cxd4 4. Nxd4 g6 5. Nc3 Bg7 6. Be3 Nf6 7. Be2 0-0 8. Nb3 a5 9. a4 d6 10. f4 Be6 11. Ra3 d5 12. e5 Ne4 13. Nxe4 dxe4 14. Nc5 Qc8 15. Nxe4 Rd8 16. Qb1 Nb4 17. Rc3 Qb8 18. Ng5 Nd5 19. Ra3 Nxe3 20. Rxe3 Bf5 21. g4 Qa7 22. Kf2 Bd7 23. Rd1 h6 24. Ne4 Bxa4 25. Rxd8+ Rxd8 26. c3 Bc6 27. Qc2 a4 28. Bf3 Qb6 29. Nd2 e6 30. Bxc6 Qxc6 31. Ne4 Bf8 32. Kf3 Qc4 33. Qe2 Qd5 34. Kg3 Kg7 35. h4 Bc5 36. Rf3 b6 37. Kh3 Qd1 38. Qxd1 Rxd1 39. f5 exf5 40. gxf5 Re1 41. Nxc5 bxc5 42. fxg6 fxg6 43. Rf4 Rxe5 44. Rxa4 Re3+ 45. Kg4 h5+ 46. Kf4 Rh3 47. Ke5 Rh2 48. Rc4 Rxb2 49. Rxc5 Rh2 50. Rc4 Kh6 51. Re4 g5 52. hxg5+ Kxg5 53. c4 h4 54. c5 Rc2 55. Kd6 h3 56. Re1 h2 57. Rh1 Kg4 58. c6 Kg3 59. c7 Kg2 60. Rxh2+ Kxh2 61. Kd7 Rxc7+ 62. Kxc7 1/2-1/2

[Event "Manizales op 30th"]
[Site "Manizales"]
[Date "2025.01.08"]
[Round "1"]
[White "Requejo Cotrina, Oswaldo Valentin"]
[Black "Puerta Rendon, Josue"]
[Result "1-0"]
[WhiteElo "2232"]
[BlackElo "1718"]
[PlyCount "97"]
[EventDate "2025.01.08"]
[EventType "tourn"]
[EventRounds "7"]
[EventCountry "COL"]
[SourceTitle "CB03_2025"]
[SourceDate "2025.01.15"]
[SourceVersion "1"]
[SourceVersionDate "2025.01.15"]
[SourceQuality "1"]

1. d4 Nf6 2. c4 e6 3. Nc3 d5 4. Bg5 Be7 5. e3 b6 6. Nf3 Bb7 7. Bd3 0-0 8. 0-0 c5 9. Qe2 h6 10. Bh4 Nc6 11. cxd5 exd5 12. dxc5 bxc5 13. Rfd1 d4 14. Bb5 Nd5 15. Bxc6 Bxc6 16. Bxe7 Nxe7 17. exd4 Bxf3 18. Qxf3 cxd4 19. Qe4 Rb8 20. Rxd4 Qb6 21. Na4 Qf6 22. Rad1 Rfe8 23. Rd6 Qxd6 24. Rxd6 Nf5 25. Qxe8+ Rxe8 26. Rd1 Re4 27. Nc3 Rb4 28. b3 Rb6 29. Kf1 Rc6 30. Rd3 Kf8 31. Ke2 Ke7 32. Kd2 Nh4 33. Nd5+ Ke6 34. Ne3 f5 35. Nc2 Rd6 36. Rxd6+ Kxd6 37. Nd4 Kd5 38. g3 Kxd4 39. gxh4 g6 40. a4 f4 41. a5 a6 42. f3 Ke5 43. Kd3 Kd5 44. b4 Kd6 45. Kc4 g5 46. hxg5 hxg5 47. h3 Kc6 48. b5+ axb5+ 49. Kd4 1-0